00443nam a2200169Ia 450000500170000000800410001704000190005804100120007708200150008910000190010424500420012326000390016530000160020465000180022065100250023885000100026320230616105015.0131103s9999 xx 000 0 und d aLoreto College aEnglish a808.1bGIB aGibson, Walker aPoemsb in the making cWalker Gibson aBostonbHoughton Mifflin Co.c1963 axii,244 p.  aLiterature -  aPoetry- Criticism -  aLCLIB